000 00836nam a2200241Ia 4500
003 OSt
005 20220927105654.0
006 a|||||r|||| 00| 0
007 ta
008 220926b |||||||| |||| 00| 0 eng d
024 _a194975
037 _cReference Collections
040 _aRTL
_cRTL
_beng
041 _2eng
_aeng
082 _a"U2894.297.P, Q0/Th"
100 _aKUMAR Subodh
_9374148
245 0 _aHazards and associated risks in Upper Bhagirathi Basin
260 _a"Delhi,"
_bUniversity of Delhi.
_c2010
300 _a"xv, 244p Bibliography: P 236-44"
_ccm.
490 _a"University of Delhi, Geography (Deptt. of-), Thesis. Thesis, University of Delhi, Geography (Deptt. of-"
942 _h"U2894.297.P, Q0/Th"
_cCC
999 _c693842
_d693842